El cerebro viviente (Registro nro. 6567)

Detalles MARC
000 -CABECERA
Longitud fija campo de control 00668nam a2200217 a 4500
001 - NÚMERO DE CONTROL
Número de control ES-MaREB00330666-4
003 - IDENTIFICADOR DELl NÚMERO DE CONTROL
Identificador del número de control OSt
005 - FECHA Y HORA DE LA ÚLTIMA TRANSACCIÓN
Fecha y hora de la última transacción 20140626213004.0
008 - CÓDIGOS DE INFORMACIÓN DE LONGITUD FIJA
Códigos de información de longitud fija 020226s1961 mex spa
040 ## - FUENTE DE LA CATALOGACIÓN
Centro catalogador de origen BP-TE
Centro transcriptor BMC
082 ## - NÚMERO DE LA CLASIFICACIÓN DECIMAL DEWEY
Númeroo de clasificación 612.825
100 1# - PUNTO DE ACCESO PRINCIPAL-NOMBRE DE PERSONA
9 (RLIN) 12740
Nombre de persona Walter, W. Grey
Fechas asociadas al nombre 1910-1977
245 13 - MENCIÓN DE TÍTULO
Título El cerebro viviente
Mención de responsabilidad, etc. por W. Grey Walter ; [traducción de Augusto Fernández Guardiola]
250 ## - MENCIÓN DE EDICIÓN
Mención de edición 1ª ed
260 ## - PUBLICACIÓN, DISTRIBUCIÓN, ETC. (PIE DE IMPRENTA)
Lugar de publicación, distribución, etc. México
Nombre del editor, distribuidor, etc. Fondo de Cultura Económica
Fecha de publicación, distribución, etc. 1961
300 ## - DESCRIPCIÓN FÍSICA
Extensión 294 p.
Dimensiones 18 cm
490 ## - MENCIÓN DE SERIE
Mención de serie Breviarios
Designación de volumen o secuencia 157
650 24 - PUNTO DE ACCESO ADICIONAL DE MATERIA - TÉRMINO DE MATERIA
Término de materia o nombre geográfico como elemento inicial Cerebro
9 (RLIN) 10211
Subdivisión de materia general Fisiología
700 1# - PUNTO DE ACCESO ADICIONAL - NOMBRE DE PERSONA
9 (RLIN) 12755
Nombre de persona Fernández Guardiola, Augusto
Fechas asociadas al nombre 1921-2004‏
942 ## - ENTRADA DE ELEMENTOS AGREGADOS (KOHA)
Fuente de clasificaión o esquema Dewey Decimal Classification
Koha [por defecto] tipo de item 1- Monografias
Existencias
Suprimido Perdido Fuente de clasificación o esquema Estropeado Restricciones de uso No para préstamo Código de colección Localización permanente Localización actual Localización en estanter&íacute;as Fecha adquisición Fuente de adquisición Número de inventario Préstamos totales Signatura completa Código de barras Fecha última consulta Fecha último préstamo Coste, precio reemplazado Fecha del precio de reemplazo Tipo de item de Koha
NULL NULL Dewey Decimal Classification NULL Préstamo en Sala NULL NULL Biblioteca Miguel de Cervantes - UNICAES Biblioteca Miguel de Cervantes - UNICAES Sala Principal 31/01/2014 Donación - Oyarzun 010684 1 612.825 WAL cer 1010684 26/01/2023 26/01/2023 4.00 31/01/2014 1- Monografias